| 000 | 00411nam a22001697a 4500 | ||
|---|---|---|---|
| 020 | _a007231592 | ||
| 050 |
_aQD 415 _b.M36 2003 |
||
| 100 | _aMcKee Trudy | ||
| 245 |
_aBiochemistry _bThe molecular basis of life |
||
| 250 | _a3rd ed. | ||
| 260 |
_aBoston: _bMc Graw Hill, _c2003. |
||
| 300 | _axxi,771p. | ||
| 500 | _aIncludes appendix. | ||
| 650 | _xbiochemistry | ||
| 700 | _aMcKee R.James | ||
| 942 | _cGEN | ||
| 999 |
_c2072 _d2072 |
||